The economics of higher education.

Gorde:
Xehetasun bibliografikoak
Erakunde egilea: College Entrance Examination Board
Formatua: Liburua
Hizkuntza:ingelesa
Gaiak:
Etiketak: Etiketa erantsi
Etiketarik gabe, Izan zaitez lehena erregistro honi etiketa jartzen!

MARC

LEADER 00000cam^a2200000uu^4500
001 000461458
005 20250521000000.0
008 050901s1967^^^^^^^^^^^^rd^r^^000^0^eng^d
009 20260310124224.887
035 |a FCE 000003956 
035 |a FCE 015659 
037 |a Acervo ITESO - Biblioteca 
041 |a eng 
082 0 4 |a 378.02  |b COLe 
110 |a College Entrance Examination Board 
245 1 4 |a The economics of higher education. 
264 |a Estados Unidos :  |b College Entrance Examination Board,  |c 1967. 
300 |a 89 p. 
336 |a texto  |b txt  |2 rdacontenido 
337 |a sin mediación  |b n  |2 rdamedio 
338 |a volumen  |b nc  |2 rdasoporte 
649 |a XX 
650 |a Economía de la educación 
650 |a Educación superior 
650 |a Financiamiento educativo 
650 |a Estados Unidos 
910 |a Fondo Centro de Estudios Educativos 
920 |a Impresos - Libros 
930 |a Fondos Especiales 
905 |a 133 
901 |a ALE015659  |b IT2  |c CEE  |u 20250521 
902 |a https://opac.biblio.iteso.mx/vufind/Record/000461458